| 000 | 01039naa a22002777a 4500 | ||
|---|---|---|---|
| 001 | BR4600025 | ||
| 003 | BR-BrBNA | ||
| 005 | 20240918172817.0 | ||
| 007 | ta | ||
| 008 | 230509b bl.||||| |||| 00| 0 por d | ||
| 040 |
_aBR-BrBNA _bpor _cBiblioteca Nacional de Agricultura |
||
| 041 | _a(Pt) | ||
| 072 |
_aL73 _b5212 _b4140 |
||
| 090 | _aL73 BR4600025 | ||
| 100 | 1 | _aMegale, F. | |
| 111 | 1 |
_a3. Congresso Brasileiro de Veterinaria _cPorto Alegre, RS (Brazil) _d1 Oct 1945 |
|
| 245 | 1 | _aSobre o tratamento da eimeriose dos bezerros pela iodo-cloro-oxi-quinoleina (Enfero-vioformio)[coccidiose] | |
| 260 | 3 |
_aPorto Alegre, RS (Brasil): _c1946. |
|
| 500 | _aAnais do 3. Congresso Brasileiro de Veterinaria Porto Alegre, RS (Brasil): 1946. p. 200-204 (BR4600025-AM)L73 | ||
| 650 | _aBEZERRO | ||
| 650 | _aCOCCIDIOSE | ||
| 650 | _aMEDICAMENTO | ||
| 773 | 0 |
_tAnais do 3. Congresso Brasileiro de Veterinaria _wL73 BR4600025 _gPorto Alegre, RS (Brasil), 1946. p. 200-204 |
|
| 909 |
_a202404 _bLucia _c55 _dLucia Elande |
||
| 942 |
_cAM _2AGRIS |
||
| 999 |
_c301551 _d301551 |
||